Danmark almen viden - Statistics

General Stats
  • This quiz has been taken 270 times
  • The average score is 14 of 51
Answer Stats
Hint Answer % Correct
Antallet af danske regioner 5
78%
Danmarks femte største by Esbjerg
72%
Navnet på kronprinseparrets ældste barn Christian
70%
Dronningens residens Amalienborg
61%
Dansk konge som gjorde danerne kristne Harald Blåtand
61%
Antal medlemmer i folketinget 179
59%
Hvornår er Grundloven fra? 1849
56%
Danmarks nordligste punkt Grenen
50%
Hvilken dato er det grundlovsdag? 5. juni
49%
Stedet hvor Holger Danske sover Kronborg
48%
Antallet af danske kommuner 98
47%
Hvornår blev Storebæltsroen åbnet for overkørsel? 1998
45%
Danmarks længste flod Gudenåen
44%
År hvor Danmark tabte Slesvig, Holsten og Lauenborg til Preussen og Østrig 1864
41%
Året for Danmarks medlemsskab af FN 1945
38%
Året for Danmarks medlemsskab af NATO 1949
36%
Året for Danmarks medlemsskab af EU 1973
35%
År hvor Sønderjylland blev genforenet med Danmark 1920
34%
Hvornår blev Grundloven sidst revideret? 1953
30%
Danmarks vestligste punkt Blåvandshuk
28%
Danmarks største sø målt på areal Arresø
26%
Hvornår blev Lillebæltsbroen indviget? 1970
23%
Konge som markerede genforeningen ved at ridde ind i Sønderjylland Christian 10
22%
Statsministerens bolig Marienborg
21%
By hvor man kan finde Gåsetårnet Vordingborg
21%
Procentdel indvandrere og efterkommere i Danmark (DST 2018) 13%
20%
Grundlæggeren af den moderne observerende astronomi Tycho Brahe
20%
Danmarks sydligste punkt Gedser Odde
19%
Land i Afrika hvor Danmark havde en koloni Ghana
19%
Langelands største by Rudkøbing
18%
Året for Københavns bombardement 1807
17%
Danmarks højeste naturlige punkt Møllehøj
17%
Arkitekt bag Operahuset i Sidney Jørn Utzon
16%
Hvornår indtrådte systemskiftet? 1901
15%
Ø kendt for at afholde en årlig kvindelejr Femø
15%
Danmarks næststørste ø Nørrejyske
12%
Hvad er Danmarks nationalfugl? Knopsvanen
11%
Eneste konservative statsminister Poul Schlüter
10%
Hvad hed Danmarks første kvindelige minister? Nina Bang
9%
Danmarks østligste punkt Østerskær
8%
Dansk fysiker som voksede op i byen H.C. Ørsted
7%
Danmarks største skovområde Silkeborgskovene
5%
Eneste anden statsminister fra Radikale Venstre Hilmar Baunsgaard
4%
Farvand mellem Als og Ærø Sydfynske øhav
4%
Året for oprettelsen af Kalmarunionen 1397
3%
Folketingets formand Henrik Dam Kristensen
3%
§ 3 i Grundloven omhandler? Magtens tredeling
3%
Kortest siddende statsminister (7 dage) Otto Liebe
3%
Rigspolitichefen Thorkild Fogde
3%
Første dansker med titel af statsminister Carl Theodore Zahle
2%
Længst siddende konseilspræsident J.B.S. Estrup
2%
No matching quizzes found
Score Distribution
Percent of People with Each Score
Percentile by Number Answered
Your Score History
You have not taken this quiz